000 00647nam a2200265Ia 4500
005 20260306164043.0
008 008 260114s9999 xx 000 0 eng d
020 _a9781531504113
037 _aEBOOK
040 _aCRL
040 _beng
040 _cCRL
041 _2eng
041 _aeng
084 _qCRL
100 _aSchuster
_91129906
245 0 _aWhat Is Extinction?: A Natural And Cultural History Of Last Animals
260 _bFordham University Press
260 _c2023
650 _aPhilosophy
856 _uhttps://academic.oup.com/book/51341
942 _cEBOOK
999 _c1712560
_d1712560